Statistiques concernant Luther - Garçon (paroles)

Cliquez ici pour prendre le quiz!

Statistiques générales

  • Ce quiz a été pris 148 fois
  • Le résultat moyen est 221 sur 364

Statistiques - réponses

Réponse% Correct
me
100%
un
99%
comme
97%
de
97%
garçon"
97%
a
96%
à
96%
dit:
96%
elle,
96%
elle
96%
pour
96%
Pour
96%
"T'es
96%
gentil
95%
il
95%
des
93%
Frais
93%
gardon,
93%
la
93%
93%
La
93%
93%
par
93%
le
92%
fait
91%
ma
91%
Dehors,
89%
froid
89%
je
89%
son
89%
son,
89%
est
88%
Luther
88%
Luther,
88%
klaxons
85%
Alors
83%
alors
83%
jour
83%
bercer
81%
s'est
81%
y
81%
ai
80%
grand
79%
J'ai
79%
j'ai
79%
journée
79%
laissé
79%
longue,
79%
bad
77%
j'en
77%
J'en
77%
pas
77%
temps
77%
marre
76%
marre,
76%
roulé
76%
serait
76%
avec
75%
d'me
73%
que
73%
faire
72%
Et
71%
et
71%
pétou
68%
peu
68%
cher-cou
65%
l'argent
65%
si
65%
rien
64%
c'est
63%
dans
63%
ça
61%
foutre
61%
poète,
61%
bien,
60%
bien
60%
qu'on
60%
ZaZa
60%
l'aime,
59%
dire
57%
lui
57%
mais
57%
plus
57%
qu'jai
57%
qu'je
57%
route
57%
route,
57%
voûte
57%
mon
56%
qui
56%
S'te
56%
Tu
56%
tu
56%
du
55%
frère,
55%
frère
55%
plaît
55%
réfléchir,
55%
voit
55%
j'peux
53%
J'peux
53%
les
53%
d'cambrer
52%
J'vois
52%
mes
52%
m'prends
52%
pêche
51%
cher-tou
49%
ex
49%
On
48%
on
48%
Ils
47%
j'me
47%
l'important
47%
mère
47%
Huit
45%
quand
45%
heures
44%
J'fume
44%
j'fume
44%
j'vais
44%
partie
44%
taxi
44%
phone,
43%
Play
43%
shit
43%
tartines
43%
tout
43%
frérot,
41%
hit
41%
maxi
41%
qu'jsais
41%
qu'jvais
41%
sens
41%
solo
41%
"Coucou
40%
en
40%
joué
40%
m'appelle
40%
tél'
40%
veille
40%
checké
39%
demain
39%
j'repense
39%
Smarties
39%
j'attendrai
37%
Larousse
37%
médicaments
37%
plein
37%
chambre
36%
chiffres
36%
français,
36%
pareil
36%
peux
36%
veux
36%
veux,
36%
dis-moi
35%
j'monte
35%
l'avant-veille
35%
matin,
35%
mots
35%
moi
33%
parle
33%
prennent
33%
s'amène
33%
t'as
33%
T'as
33%
textes
33%
tous
33%
va
33%
d'enregistrer
32%
galères
32%
j'éteins
32%
peur
32%
au
31%
d'abandonner,
31%
sur
31%
trouver
31%
carrosserie,
29%
milliers
29%
réussi
29%
t'amènent"
29%
vie
29%
jantes
28%
cross
27%
c'que
25%
vite
25%
vite,
25%
détails
24%
rencontré
24%
tro-mé
24%
cuisiné
23%
faut
23%
noir-rouge
23%
sais,
23%
autres
21%
Carrouf',
21%
d'merde
21%
jamais
21%
exister
20%
besoin
19%
chromées
19%
onze
19%
c'étaient
17%
s'déplacer
17%
taffer
17%
grâce
16%
J'fais
16%
j'fais
16%
l'entité
16%
m'habite,
16%
magique
15%
contrôler
13%
quelle
13%
plier
12%
prod,
12%
J'pourrais
11%
n'importe
11%
cromesqui,
9%

Distribution des résultats

Percentile par nombre de réponses

% des personnes avec chaque résultat

Votre développement - résultats

Vous n’avez pas pris ce quiz